=LDR 00000nam 2200000 4500 =001 INLIS000000000024045 =005 20130612122646 =008 ***********************************Ind** =035 ##$$0010-061300000024045 =041 ##$$a Ind =082 ##$$a 384.55 =090 ##$$a 384.55, War b =100 ##$$a Wardhana, Viven Sp =245 ##$$a Budaya masa , Dan penyesuaian masyarkat, Veven SP =260 ##$$a 1995 $b Yogyakarta =300 ##$$a 248 hlm, 21 cm =650 ##$$a Televisi =850 ##$$a NBPNMAT